[Event "CAN-op U2000"]
[Site "Windsor CAN"]
[Date "2016.07.16"]
[Round "7.27"]
[White "Piccinin, Mario"]
[Black "Green, Jim"]
[Result "1/2-1/2"]
[WhiteElo "1809"]
[BlackElo "1888"]
[PlyCount "124"]
[EventDate "2016.07.10"]
[EventType "swiss"]
[EventRounds "9"]
[EventCountry "CAN"]

1. f4 d6 2. Nf3 Bg4 3. e4 e5 4. Bc4 Bxf3 5. Qxf3 Qd7 6. O-O Nc6 7. c3 O-O-O 8.
b4 Nf6 9. Bd5 exf4 10. d4 Nxd5 11. exd5 Ne7 12. Bxf4 Ng6 13. Bg3 Be7 14. Nd2
Rdf8 15. c4 h5 16. c5 Qg4 17. Qf5+ Qxf5 18. Rxf5 Bf6 19. Nb3 Kd7 20. b5 b6 21.
Rc1 bxc5 22. dxc5 Be5 23. c6+ Ke7 24. Re1 f6 25. a4 h4 26. Bf2 Ra8 27. a5 Rhc8
28. Nd4 Kf7 29. b6 axb6 30. axb6 cxb6 31. Ne6 Ne7 32. Rfxe5 fxe5 33. Rd1 Ra5
34. Bxh4 Nxd5 35. Nd8+ Rxd8 36. Bxd8 Ke6 37. Rb1 Rc5 38. Bxb6 Rxc6 39. Ba5 Rc2
40. Rb3 Ra2 41. Be1 Nf4 42. g3 Ne2+ 43. Kf1 Nd4 44. Rb7 g6 45. Bf2 Nf3 46. h4
Nh2+ 47. Kg1 Ng4 48. Be1 e4 49. Rg7 Ne5 50. Bc3 Nf3+ 51. Kf1 Kf5 52. g4+ Kxg4
53. Rxg6+ Kxh4 54. Rxd6 Kg4 55. Rg6+ Kf5 56. Rf6+ Kg5 57. Re6 Rc2 58. Bg7 Kf5
59. Rf6+ Kg4 60. Rg6+ Kh5 61. Re6 Kg5 62. Bh6+ Kf5 1/2-1/2

[Event "CAN-op U2000"]
[Site "Windsor CAN"]
[Date "2016.07.16"]
[Round "7.28"]
[White "Su, Michael"]
[Black "Doknjas, Neil"]
[Result "1-0"]
[WhiteElo "1881"]
[BlackElo "1879"]
[PlyCount "85"]
[EventDate "2016.07.10"]
[EventType "swiss"]
[EventRounds "9"]
[EventCountry "CAN"]

1. d4 d5 2. Nf3 Nf6 3. e3 e6 4. Bd3 Be7 5. b3 O-O 6. O-O b6 7. Bb2 Bb7 8. Nbd2
c5 9. Ne5 Nbd7 10. f4 Nxe5 11. fxe5 Ne4 12. Bxe4 dxe4 13. Qg4 Qd5 14. c4 Qc6
15. Rf4 Kh8 16. Nxe4 b5 17. Nd6 Bxd6 18. exd6 f6 19. dxc5 e5 20. Rf3 Qxc5 21.
Rg3 Rf7 22. Qe6 Raf8 23. Rd1 bxc4 24. bxc4 Qb6 25. Ba3 Bc8 26. Qd5 Bd7 27. c5
Qa6 28. e4 Bc6 29. Qb3 f5 30. exf5 Rxf5 31. Qd3 Bb5 32. Qb1 Rf1+ 33. Rxf1 Rxf1+
34. Qxf1 Bxf1 35. d7 Qa5 36. Rf3 Bc4 37. Rf8+ Bg8 38. d8=Q Qe1+ 39. Rf1 Qe3+
40. Kh1 Qxa3 41. c6 Qxa2 42. c7 Qc4 43. Rg1 1-0

[Event "CAN-op U2000"]
[Site "Windsor CAN"]
[Date "2016.07.16"]
[Round "7.29"]
[White "Tanaka, Tyler"]
[Black "Zhou, Aiden"]
[Result "1/2-1/2"]
[WhiteElo "1835"]
[BlackElo "1847"]
[PlyCount "75"]
[EventDate "2016.07.10"]
[EventType "swiss"]
[EventRounds "9"]
[EventCountry "CAN"]

1. e4 c5 2. Nf3 d6 3. d4 Nf6 4. Nc3 cxd4 5. Nxd4 Nc6 6. Bg5 Bd7 7. Be2 Rc8 8.
O-O a6 9. Kh1 e6 10. f4 Be7 11. Bf3 h6 12. Bh4 O-O 13. Bg3 Nh7 14. Qd2 Na5 15.
Be2 Nc4 16. Bxc4 Rxc4 17. Rad1 b5 18. a3 Qb8 19. Nb3 Rd8 20. Na5 Rcc8 21. f5
Qc7 22. Nb3 Bc6 23. Nd4 e5 24. Nxc6 Qxc6 25. Qd5 Nf6 26. Qxc6 Rxc6 27. Bh4 Rc4
28. Bxf6 Bxf6 29. Rd3 a5 30. b3 Rc5 31. Rfd1 Rdc8 32. Nd5 Rxc2 33. h3 Re2 34.
Rg3 Kh7 35. Nxf6+ gxf6 36. Rxd6 Re1+ 37. Kh2 Rcc1 38. Rgd3 1/2-1/2

[Event "CAN-op U2000"]
[Site "Windsor CAN"]
[Date "2016.07.16"]
[Round "7.30"]
[White "Li, Eric M"]
[Black "Thanabalachandran, Kajan"]
[Result "0-1"]
[WhiteElo "1637"]
[BlackElo "1846"]
[PlyCount "108"]
[EventDate "2016.07.10"]
[EventType "swiss"]
[EventRounds "9"]
[EventCountry "CAN"]

1. e4 c5 2. Nf3 e6 3. d4 cxd4 4. Nxd4 a6 5. c4 Qa5+ 6. Bd2 Qe5 7. Be3 Qxe4 8.
Nc3 Qe5 9. Nf3 Qc7 10. Qb3 Nf6 11. Na4 Nc6 12. Nb6 Bb4+ 13. Kd1 Rb8 14. Bd3 Ng4
15. Nxc8 Nxe3+ 16. fxe3 Rxc8 17. Ke2 Bc5 18. a3 O-O 19. Rhe1 Rcd8 20. Kf2 d5
21. Qc2 dxc4 22. Bxh7+ Kh8 23. Qxc4 Ne5 24. Qh4 Be7 25. Qh3 Ng4+ 26. Kg1 Nh6
27. Be4 f5 28. Bb1 Bf6 29. Ra2 Kg8 30. e4 Qc5+ 31. Kh1 Ng4 32. b4 Nf2+ 33. Rxf2
Qxf2 34. exf5 Bd4 35. Be4 Be3 36. Qh4 Qxh4 37. Nxh4 Bf2 38. Rc1 Bxh4 39. fxe6
Bg5 40. Re1 Rfe8 41. Bf5 g6 42. Bh3 Rd3 43. a4 Rb3 44. g3 Rxb4 45. Ra1 Rb2 46.
Re1 Rc2 47. Kg1 Rc1 48. Kf2 Rxe1 49. Kxe1 Rc8 50. Bg2 b5 51. axb5 axb5 52. Bd5
Kf8 53. h4 Bf6 54. Ke2 b4 0-1

[Event "CAN-op U2000"]
[Site "Windsor CAN"]
[Date "2016.07.16"]
[Round "7.31"]
[White "Zhang, Zhehai"]
[Black "Zhou, Lily"]
[Result "0-1"]
[WhiteElo "1837"]
[BlackElo "1740"]
[PlyCount "152"]
[EventDate "2016.07.10"]
[EventType "swiss"]
[EventRounds "9"]
[EventCountry "CAN"]

1. e4 c5 2. Nf3 Nc6 3. d4 cxd4 4. Nxd4 Qb6 5. Nb3 Nf6 6. Nc3 e6 7. Bd3 Bb4 8.
O-O Bxc3 9. bxc3 d5 10. exd5 Nxd5 11. Qg4 Nce7 12. Qxg7 Rg8 13. Qd4 Qc6 14. f3
Qxc3 15. Bxh7 Rh8 16. Bd3 Bd7 17. Bb2 Qxd4+ 18. Bxd4 Rh5 19. Nc5 Bc6 20. Rab1
O-O-O 21. Bf2 Rdh8 22. h4 Rg8 23. Kh2 Nf4 24. Rg1 Nf5 25. Bxf5 Rxf5 26. Rbe1
Rd5 27. Ne4 Ra5 28. g3 Nh5 29. g4 Nf4 30. Bg3 e5 31. Bxf4 exf4 32. g5 Kc7 33.
Rg4 Rxa2 34. Re2 Bxe4 35. fxe4 f3 36. Rf2 Kd6 37. Kg3 a5 38. Kxf3 a4 39. Kf4
Rb2 40. Rg3 Ra8 41. Ra3 b5 42. h5 b4 43. Ra1 b3 44. Rd2+ Ke6 45. Rdd1 Rxc2 46.
Rh1 b2 47. Rad1 a3 48. h6 a2 49. h7 a1=Q 50. Rxa1 bxa1=Q 51. Rxa1 Rh8 52. Ra6+
Ke7 53. Rh6 Kf8 54. Ke5 Rc5+ 55. Kf4 Kg7 56. Rh1 Rxh7 57. Rg1 Rh4+ 58. Ke3 Re5
59. Kf3 Rexe4 60. Rd1 Rhf4+ 61. Kg3 Rg4+ 62. Kh3 Rxg5 63. Rd3 Re8 64. Kh4 Rg1
65. Rg3+ Rxg3 66. Kxg3 Re4 67. Kf3 f5 68. Kg3 Kg6 69. Kf3 Kg5 70. Kg3 Re3+ 71.
Kh2 Kg4 72. Kg2 Re2+ 73. Kf1 Kf3 74. Kg1 Ra2 75. Kh1 Kg3 76. Kg1 Ra1# 0-1

[Event "CAN-op U2000"]
[Site "Windsor CAN"]
[Date "2016.07.16"]
[Round "7.32"]
[White "Mathews, Jeremy"]
[Black "Shah, Omar"]
[Result "0-1"]
[WhiteElo "1743"]
[BlackElo "1927"]
[PlyCount "56"]
[EventDate "2016.07.10"]
[EventType "swiss"]
[EventRounds "9"]
[EventCountry "CAN"]

1. e4 c5 2. Nf3 d6 3. d4 cxd4 4. Nxd4 Nf6 5. Nc3 a6 6. Bc4 e6 7. Bb3 Nbd7 8. g4
Nc5 9. Qf3 Be7 10. Be3 O-O 11. O-O-O Qc7 12. h4 b5 13. g5 Nfxe4 14. Nxe4 Bb7
15. Qg4 Bxe4 16. f3 Nxb3+ 17. axb3 Bd5 18. g6 f5 19. Qh5 hxg6 20. Qxg6 Rf6 21.
Qg3 Rf7 22. Rhg1 Rc8 23. Rg2 Bf8 24. Bh6 Qb7 25. Qg5 Bxf3 26. Nxf3 Qxf3 27. Rg3
Qe2 28. Rg2 Rxc2+ 0-1

[Event "CAN-op U2000"]
[Site "Windsor CAN"]
[Date "2016.07.16"]
[Round "7.33"]
[White "Deline, Ralph"]
[Black "Zhao, Zhong"]
[Result "1/2-1/2"]
[WhiteElo "1824"]
[BlackElo "1732"]
[PlyCount "146"]
[EventDate "2016.07.10"]
[EventType "swiss"]
[EventRounds "9"]
[EventCountry "CAN"]

1. e4 c5 2. Nc3 a6 3. Nf3 e6 4. d3 Nc6 5. g3 Be7 6. Bg2 d6 7. O-O Nf6 8. a3 O-O
9. Rb1 Bd7 10. Bd2 Qc7 11. b4 cxb4 12. axb4 b5 13. Re1 Rad8 14. d4 Bc8 15. d5
Ne5 16. Nd4 Nc4 17. Nc6 Rde8 18. Rb3 e5 19. Bc1 Bg4 20. Qd3 Rc8 21. h3 Bh5 22.
Kh2 Bg6 23. f4 h6 24. f5 Bh7 25. g4 Rfe8 26. g5 hxg5 27. Bxg5 Ng4+ 28. hxg4
Bxg5 29. Ne2 Qb6 30. Ng1 Qf2 31. Re2 Bf4+ 32. Kh1 Qh4+ 33. Qh3 Qh6 34. Nf3 f6
35. Rc3 Kf7 36. Qh5+ g6 37. Qxh6 Bxh6 38. Nh4 Bf4 39. Bf3 Rh8 40. Kg1 g5 41.
Ng2 Bg8 42. Nxf4 gxf4 43. Rg2 Ne3 44. Rh2 Rxh2 45. Kxh2 Kg7 46. Kg1 Bf7 47. Kf2
Rh8 48. Rxe3 fxe3+ 49. Kxe3 Rc8 50. Kd2 Kh6 51. Be2 Kg5 52. c4 bxc4 53. Bxc4
Kf4 54. Bxa6 Ra8 55. Bd3 Be8 56. b5 Bd7 57. Kc3 Kxg4 58. Kb4 Kf4 59. b6 Bc8 60.
Nd8 Bxf5 61. Ne6+ Ke3 62. Bb5 Bxe4 63. Bc6 Rb8 64. Ka5 Bd3 65. b7 f5 66. Kb6 f4
67. Ng5 f3 68. Nxf3 Kxf3 69. Kc7 Rh8 70. Kxd6 e4 71. Kc7 e3 72. d6+ Kf2 73. d7
e2 1/2-1/2

[Event "CAN-op U2000"]
[Site "Windsor CAN"]
[Date "2016.07.16"]
[Round "7.34"]
[White "Du, Daniel"]
[Black "Glew, Richard"]
[Result "1-0"]
[WhiteElo "1656"]
[BlackElo "1806"]
[PlyCount "107"]
[EventDate "2016.07.10"]
[EventType "swiss"]
[EventRounds "9"]
[EventCountry "CAN"]

1. e4 c5 2. Nf3 e6 3. d4 cxd4 4. Nxd4 Bc5 5. Be3 Qb6 6. b3 Nc6 7. c3 Nf6 8. Qd3
d5 9. Nd2 Nxe4 10. Nxe4 dxe4 11. Qxe4 Nxd4 12. Bxd4 Bxd4 13. Qxd4 Qxd4 14. cxd4
Bd7 15. Bc4 Bc6 16. O-O Rd8 17. Rad1 O-O 18. Rfe1 a6 19. a4 Rd6 20. Rd2 Rfd8
21. Red1 b5 22. axb5 axb5 23. Bd3 g6 24. Be2 e5 25. d5 Rxd5 26. Rxd5 Rxd5 27.
Rxd5 Bxd5 28. Bxb5 Bxb3 29. g3 f5 30. Kf1 Kf7 31. Ke2 Kf6 32. Ke3 Bd5 33. h4 h6
34. Bd7 g5 35. hxg5+ Kxg5 36. Bc8 f4+ 37. gxf4+ exf4+ 38. Ke2 h5 39. Kf1 h4 40.
Kg1 Be4 41. Kh2 Bf5 42. Bxf5 Kxf5 43. f3 Ke5 44. Kh3 Kd4 45. Kxh4 Ke3 46. Kg4
Kd4 47. Kxf4 Kd5 48. Kg5 Ke6 49. f4 Kf7 50. Kf5 Kg7 51. Ke6 Kf8 52. f5 Kg7 53.
f6+ Kg8 54. Ke7 1-0

[Event "CAN-op U2000"]
[Site "Windsor CAN"]
[Date "2016.07.16"]
[Round "7.35"]
[White "Einarsson, Ken"]
[Black "Cashin, Ken"]
[Result "1/2-1/2"]
[WhiteElo "1780"]
[BlackElo "1837"]
[PlyCount "117"]
[EventDate "2016.07.10"]
[EventType "swiss"]
[EventRounds "9"]
[EventCountry "CAN"]

1. d4 Nf6 2. c4 e6 3. Nc3 Bb4 4. Bd2 O-O 5. Nf3 Nc6 6. e3 Bxc3 7. Bxc3 Ne4 8.
Qc2 f5 9. Bd3 Nxc3 10. Qxc3 b6 11. O-O Bb7 12. Be2 Qf6 13. Rad1 d6 14. a3 a5
15. Qc2 Ne7 16. Rfe1 Rad8 17. b4 axb4 18. axb4 Ra8 19. c5 bxc5 20. bxc5 Be4 21.
Qc4 d5 22. Qc3 Nc6 23. Ne5 Qg5 24. f3 Nxe5 25. dxe5 d4 26. exd4 Bd5 27. Bc4
Rfd8 28. Bxd5 Rxd5 29. Qd2 Qd8 30. Re3 Ra4 31. Rd3 c6 32. Qb2 Rc4 33. Kf1 Rcxc5
34. Rb3 Rb5 35. Rxb5 Rxb5 36. Qc3 Qd5 37. Rc1 Rb6 38. Qa1 Qb5+ 39. Kf2 Kf7 40.
Rc5 Ra6 41. Rxb5 Rxa1 42. Rb7+ Kf8 43. Rd7 Ra2+ 44. Kg3 Rc2 45. Rd6 Ke7 46. f4
c5 47. Rc6 Rc3+ 48. Kh4 cxd4 49. Rd6 Rc2 50. Kh3 Rc3+ 51. g3 Rd3 52. Kh4 Rd1
53. Kh3 d3 54. Kg2 h6 55. h4 d2 56. Kf2 Rh1 57. Rxd2 Rh2+ 58. Ke3 Rh1 59. Kf3
1/2-1/2

[Event "CAN-op U2000"]
[Site "Windsor CAN"]
[Date "2016.07.16"]
[Round "7.37"]
[White "Gillis, Doug"]
[Black "Clarke, Brian"]
[Result "1/2-1/2"]
[WhiteElo "1610"]
[BlackElo "1695"]
[PlyCount "57"]
[EventDate "2016.07.10"]
[EventType "swiss"]
[EventRounds "9"]
[EventCountry "CAN"]

1. d4 d6 2. e4 c6 3. Nc3 Qa5 4. Nf3 Bg4 5. Qd3 Nd7 6. Bd2 h6 7. Be2 e5 8. Nd5
Qd8 9. Ne3 Bxf3 10. Bxf3 Ngf6 11. Bc3 exd4 12. Bxd4 Ne5 13. Bxe5 dxe5 14. O-O-O
Qa5 15. Kb1 Rd8 16. Qxd8+ Qxd8 17. Rxd8+ Kxd8 18. Rd1+ Kc7 19. Ng4 Nd7 20. Ne3
Bc5 21. Rd3 g6 22. Be2 Bd4 23. c3 Bxe3 24. Rxe3 Nc5 25. b4 Ne6 26. Bc4 Kd6 27.
Bb3 b5 28. Rf3 Ke7 29. Bxe6 1/2-1/2

[Event "CAN-op U2000"]
[Site "Windsor CAN"]
[Date "2016.07.16"]
[Round "7.38"]
[White "Deimert, Elroy"]
[Black "Selling, Edward"]
[Result "0-1"]
[WhiteElo "1612"]
[BlackElo "1708"]
[PlyCount "78"]
[EventDate "2016.07.10"]
[EventType "swiss"]
[EventRounds "9"]
[EventCountry "CAN"]

1. e4 c5 2. d4 cxd4 3. c3 d3 4. Bxd3 Nc6 5. Nf3 Qc7 6. O-O d6 7. Be3 g6 8. h3
Bg7 9. Nbd2 Nf6 10. Rc1 O-O 11. Nd4 Bd7 12. N4b3 Ne5 13. Bc2 Nc4 14. Rb1 Nxe3
15. fxe3 Be8 16. Nf3 Nd7 17. Nbd4 Qb6 18. Bb3 Nc5 19. Bc2 Bd7 20. b4 Ne6 21. a4
Rac8 22. a5 Qc7 23. Rb3 b5 24. a6 Qb6 25. Ra3 Rc7 26. Bd3 Rfc8 27. Qd2 Nxd4 28.
exd4 e5 29. Kh1 exd4 30. cxd4 Bxd4 31. Qh6 Bg7 32. Qf4 Be6 33. Ng5 Rf8 34. Nxe6
fxe6 35. Qd2 Rxf1+ 36. Bxf1 Rf7 37. Qd3 Qf2 38. Be2 Qe1+ 39. Kh2 Be5+ 0-1

[Event "CAN-op U2000"]
[Site "Windsor CAN"]
[Date "2016.07.16"]
[Round "7.39"]
[White "Lee, Stefano"]
[Black "Zhou, Annika"]
[Result "0-1"]
[WhiteElo "1490"]
[BlackElo "1533"]
[PlyCount "104"]
[EventDate "2016.07.10"]
[EventType "swiss"]
[EventRounds "9"]
[EventCountry "CAN"]

1. e4 c5 2. d4 cxd4 3. c3 dxc3 4. Nxc3 Nc6 5. Bc4 e6 6. Nf3 a6 7. O-O Be7 8. e5
d6 9. exd6 Bxd6 10. a3 Nf6 11. Bg5 Be7 12. Qc1 Qc7 13. Bb3 O-O 14. Re1 b5 15.
Bf4 Bd6 16. Bg5 Ng4 17. h3 Nge5 18. Nxe5 Bxe5 19. Qe3 Bd4 20. Qe4 Bb7 21. Bc2
g6 22. Bh6 Rfd8 23. Qh4 Qe7 24. Bg5 f6 25. Bh6 g5 26. Qg3 Be5 27. Qg4 Rd4 28.
Ne4 Kh8 29. Qe2 Rad8 30. h4 gxh4 31. Qh5 Rg8 32. Be3 Rd5 33. Qxh4 Bxb2 34. Rab1
Be5 35. f4 Qg7 36. Re2 Bd4 37. g3 f5 38. Ng5 Bf6 39. Rh2 Bxg5 40. fxg5 Qg6 41.
Bb3 Rd3 42. Bc1 Re8 43. Bb2+ e5 44. Bc2 Nd4 45. Bxd4 Rxd4 46. g4 Rxg4+ 47. Qxg4
Qb6+ 48. Kf1 fxg4 49. Rxh7+ Kg8 50. g6 Rf8+ 51. Ke1 Qe3+ 52. Kd1 Rf1# 0-1

[Event "CAN-op U2000"]
[Site "Windsor CAN"]
[Date "2016.07.16"]
[Round "8.25"]
[White "Koltai, Daniel"]
[Black "Faraji, Jafar"]
[Result "0-1"]
[WhiteElo "1781"]
[BlackElo "1827"]
[PlyCount "110"]
[EventDate "2016.07.10"]
[EventType "swiss"]
[EventRounds "9"]
[EventCountry "CAN"]

1. e4 c6 2. d4 d5 3. e5 Bf5 4. Nf3 e6 5. Be2 Nd7 6. O-O Ne7 7. Nh4 Bg6 8. Nd2
Nf5 9. Nxg6 hxg6 10. Nf3 Be7 11. b3 g5 12. c4 Nf8 13. cxd5 exd5 14. Bd3 Nh6 15.
b4 a6 16. Rb1 Ne6 17. Be3 Nf4 18. Bxf4 gxf4 19. Re1 O-O 20. e6 fxe6 21. Rxe6
Qd7 22. Qe2 Bd6 23. Ng5 Rae8 24. Re1 Rxe6 25. Nxe6 Re8 26. Bg6 Re7 27. a3 a5
28. bxa5 Bxa3 29. Kf1 Bb4 30. Qe5 Qc8 31. Re2 Bxa5 32. Bh7+ Kh8 33. Qd6 Bb4 34.
Qxb4 Rxe6 35. Bd3 Rxe2 36. Bxe2 Ng8 37. Qd2 Qf5 38. f3 Qf6 39. Bd3 Qxd4 40. Qc2
c5 41. h3 c4 42. Bg6 c3 43. Bd3 Nf6 44. Bg6 b5 45. Qf5 Qc4+ 46. Qd3 Qxd3+ 47.
Bxd3 b4 48. Ke1 Nd7 49. Kd1 Nc5 50. Bg6 d4 51. Kc1 d3 52. h4 b3 53. h5 Kg8 54.
Bf5 Kf8 55. Bg6 Ke7 0-1

[Event "CAN-op U2000"]
[Site "Windsor CAN"]
[Date "2016.07.16"]
[Round "8.28"]
[White "Thanabalachandran, Kajan"]
[Black "Su, Michael"]
[Result "1/2-1/2"]
[WhiteElo "1846"]
[BlackElo "1881"]
[PlyCount "93"]
[EventDate "2016.07.10"]
[EventType "swiss"]
[EventRounds "9"]
[EventCountry "CAN"]

1. e4 e6 2. d4 d5 3. Bd3 dxe4 4. Bxe4 Nf6 5. Bf3 c5 6. Ne2 Be7 7. O-O O-O 8.
Nbc3 Nc6 9. Be3 cxd4 10. Nxd4 Ne5 11. Be2 Bd7 12. f4 Nc6 13. Bf3 Qa5 14. Nb3
Qf5 15. Kh1 Rfd8 16. Rf2 Be8 17. Qe2 Bb4 18. Nb5 a6 19. N5d4 Qg6 20. g4 Nd5 21.
c3 Nxe3 22. Qxe3 Bd6 23. Be2 e5 24. fxe5 Bxe5 25. Bf3 Bxd4 26. Nxd4 Nxd4 27.
cxd4 Bc6 28. h3 Bxf3+ 29. Rxf3 Rd5 30. Re1 h6 31. Qd3 Qb6 32. Qc4 Qxd4 33. Qxd4
Rxd4 34. Re7 Rd2 35. Rfxf7 Rc8 36. Rxg7+ Kh8 37. Rc7 Rxc7 38. Rxc7 Rxb2 39. a4
b5 40. axb5 axb5 41. Rb7 b4 42. Kg1 b3 43. h4 Rb1+ 44. Kg2 b2 45. g5 hxg5 46.
hxg5 Kg8 47. Kh2 1/2-1/2

[Event "CAN-op U2000"]
[Site "Windsor CAN"]
[Date "2016.07.16"]
[Round "8.29"]
[White "Zhou, Lily"]
[Black "Tanaka, Tyler"]
[Result "1/2-1/2"]
[WhiteElo "1768"]
[BlackElo "1560"]
[PlyCount "111"]
[EventDate "2016.07.10"]
[EventType "swiss"]
[EventRounds "9"]
[EventCountry "CAN"]

1. d4 Nf6 2. Nf3 g6 3. Bf4 Bg7 4. h3 d6 5. e3 Nbd7 6. c4 O-O 7. Nc3 Re8 8. Be2
e5 9. Bh2 c6 10. O-O Qa5 11. Rb1 a6 12. b4 Qd8 13. c5 exd4 14. exd4 d5 15. Qb3
Ne4 16. Rfe1 Ndf6 17. a4 Bf5 18. Rb2 Nxc3 19. Qxc3 Be4 20. Be5 Nd7 21. Bxg7
Kxg7 22. b5 axb5 23. axb5 Qc7 24. Rc1 Ra4 25. Ng5 Qf4 26. Qd2 Qf6 27. Rd1 h6
28. bxc6 bxc6 29. Nf3 Rea8 30. Qc3 Bxf3 31. Qxf3 Ra2 32. Rb7 R8a7 33. Rxa7 Rxa7
34. Qxf6+ Nxf6 35. Rb1 Ng8 36. Rb6 Ne7 37. Ba6 Rc7 38. Rb7 Rxb7 39. Bxb7 Kf6
40. Kf1 Kf5 41. f3 g5 42. Kf2 h5 43. g4+ hxg4 44. hxg4+ Ke6 45. Ba6 Kd7 46. Bd3
f6 47. f4 Kc7 48. f5 Kb7 49. Ke3 Ka7 50. Kd2 Ng8 51. Kc3 Nh6 52. Be2 Kb7 53.
Kb4 Ka7 54. Ka5 Kb7 55. Bd1 Ka7 56. Be2 1/2-1/2

[Event "CAN-op U2000"]
[Site "Windsor CAN"]
[Date "2016.07.16"]
[Round "8.30"]
[White "Shah, Omar"]
[Black "Zhou, Aiden"]
[Result "0-1"]
[WhiteElo "1927"]
[BlackElo "1894"]
[PlyCount "110"]
[EventDate "2016.07.10"]
[EventType "swiss"]
[EventRounds "9"]
[EventCountry "CAN"]

1. e4 c5 2. Nf3 d6 3. d4 Nf6 4. Nc3 cxd4 5. Nxd4 Nc6 6. Be2 e5 7. Nb3 Be7 8.
Be3 O-O 9. O-O a5 10. a4 Nb4 11. f4 exf4 12. Bxf4 Be6 13. Nd4 d5 14. e5 Nd7 15.
Kh1 Nc5 16. Ncb5 Nc6 17. c3 Nxd4 18. Nxd4 Bg5 19. Qc1 Bxf4 20. Qxf4 Bd7 21. Bb5
Bxb5 22. Nxb5 Ne6 23. Qd2 Nc5 24. Qe3 Qb6 25. Qe2 Ne4 26. Rad1 Rad8 27. Nd4
Rfe8 28. Qf3 Qg6 29. Qf4 Rd7 30. Qf5 Qxf5 31. Rxf5 g6 32. Rf4 Rxe5 33. Kg1 f5
34. Kf1 Nc5 35. Nf3 Re4 36. Rxe4 dxe4 37. Rxd7 Nxd7 38. Nd4 Nc5 39. b3 Kf7 40.
Ke2 Kf6 41. Ke3 Ke5 42. Kd2 g5 43. Ke3 h5 44. Ke2 Ne6 45. Nc2 Nf4+ 46. Kf2 Nd3+
47. Ke3 Nf4 48. Kf2 Nd5 49. c4 Nb4 50. Nxb4 axb4 51. Ke3 f4+ 52. Kd2 Kd4 53.
Ke2 g4 54. Kf2 Kc3 55. c5 Kd2 0-1

[Event "CAN-op U2000"]
[Site "Windsor CAN"]
[Date "2016.07.16"]
[Round "8.31"]
[White "Doknjas, Neil"]
[Black "Du, Daniel"]
[Result "1-0"]
[WhiteElo "1867"]
[BlackElo "1618"]
[PlyCount "63"]
[EventDate "2016.07.10"]
[EventType "swiss"]
[EventRounds "9"]
[EventCountry "CAN"]

1. e4 e6 2. d4 d5 3. Nc3 Nf6 4. Bg5 Be7 5. e5 Nfd7 6. Bxe7 Qxe7 7. f4 O-O 8.
Nf3 a6 9. Bd3 c5 10. Bxh7+ Kh8 11. Bd3 Nc6 12. dxc5 Nxc5 13. O-O Nxd3 14. Qxd3
g6 15. Ng5 Kg7 16. Rae1 Bd7 17. Rf3 Rh8 18. a3 Rac8 19. b4 b5 20. Rg3 Rh6 21.
f5 exf5 22. Nxd5 Qd8 23. e6 fxe6 24. Rxe6 Qxg5 25. Rxg5 Bxe6 26. Nb6 Ne5 27.
Qd4 Kf6 28. Nxc8 Kxg5 29. Qxe5 Bxc8 30. Qg3+ Kh5 31. h4 f4 32. Qg5# 1-0

[Event "CAN-op U2000"]
[Site "Windsor CAN"]
[Date "2016.07.16"]
[Round "8.32"]
[White "Zhao, Zhong"]
[Black "Zhang, Zhehai"]
[Result "0-1"]
[WhiteElo "1635"]
[BlackElo "1774"]
[PlyCount "144"]
[EventDate "2016.07.10"]
[EventType "swiss"]
[EventRounds "9"]
[EventCountry "CAN"]

1. d4 d5 2. c4 c6 3. Nc3 Nf6 4. Nf3 e6 5. g3 dxc4 6. Bg2 Be7 7. a4 Nbd7 8. O-O
O-O 9. Qc2 c5 10. Rd1 cxd4 11. Nxd4 a6 12. Ne4 Qc7 13. b3 Nxe4 14. Bxe4 Nf6 15.
Bg2 Rd8 16. Bb2 Bd7 17. Rac1 Rac8 18. bxc4 b6 19. Nf3 b5 20. axb5 axb5 21. Ne5
bxc4 22. Qxc4 Qxc4 23. Nxc4 Bb5 24. Rxd8+ Bxd8 25. Ne5 Rxc1+ 26. Bxc1 Bxe2 27.
Nc6 Bb6 28. h3 Nd5 29. Bf1 Nc3 30. Ba3 Bxf1 31. Kxf1 Ne4 32. Ne7+ Kh8 33. Kg2
Nxf2 34. Nc8 Bd4 35. Nd6 Kg8 36. Nb5 Bb6 37. Nc3 Nd3 38. Ne2 f6 39. Bd6 Kf7 40.
Kf3 Bc5 41. Bc7 Nb4 42. Ba5 Nc6 43. Bc3 e5 44. g4 Ke6 45. Ke4 Ne7 46. Ng3 Nc8
47. Bd2 Nd6+ 48. Kf3 g6 49. Bh6 f5 50. gxf5+ gxf5 51. h4 Nc4 52. Bg7 Be7 53. h5
Bg5 54. Bf8 e4+ 55. Nxe4 fxe4+ 56. Kxe4 Nd2+ 57. Kd4 Kf5 58. Kd3 Nf3 59. Ke2
Nd4+ 60. Kd3 Ne6 61. Bd6 Kg4 62. Ke4 Ng7 63. h6 Bxh6 64. Be5 Nf5 65. Kd3 Kf3
66. Kc4 Bg5 67. Kd5 h5 68. Ke6 Ng3 69. Bd4 h4 70. Ke5 h3 71. Bg1 Kg2 72. Be3
Bxe3 0-1

[Event "CAN-op U2000"]
[Site "Windsor CAN"]
[Date "2016.07.16"]
[Round "8.33"]
[White "Deline, Ralph"]
[Black "Li, Eric M"]
[Result "0-1"]
[WhiteElo "1824"]
[BlackElo "1658"]
[PlyCount "98"]
[EventDate "2016.07.10"]
[EventType "swiss"]
[EventRounds "9"]
[EventCountry "CAN"]

1. e4 c5 2. Nc3 Nc6 3. f4 Nf6 4. Nf3 e6 5. Bb5 Qc7 6. O-O Be7 7. d3 a6 8. Bxc6
Qxc6 9. Qe1 O-O 10. Qg3 c4 11. Ne5 Qb6+ 12. Kh1 cxd3 13. cxd3 d5 14. Rb1 dxe4
15. dxe4 Qb4 16. Qf3 Bd7 17. f5 Qa5 18. Bf4 exf5 19. Nxd7 Nxd7 20. Nd5 Bf6 21.
exf5 Qxa2 22. Bd6 Rfd8 23. Nxf6+ Nxf6 24. Be7 Rd7 25. Bxf6 gxf6 26. Qc3 Kg7 27.
Rbe1 Qd5 28. Rf4 Qd6 29. Rg4+ Kh8 30. Qe3 Rg8 31. Re4 Qd2 32. g3 Qxe3 33. R4xe3
Rgd8 34. g4 Rd2 35. b3 Kg7 36. h4 h6 37. Rg1 R8d3 38. Rgg3 Rxe3 39. Rxe3 Kf8
40. Kg1 b5 41. Re4 a5 42. Re3 a4 43. bxa4 bxa4 44. g5 fxg5 45. hxg5 hxg5 46. f6
Kg8 47. Rg3 Kh7 48. Ra3 Rd4 49. Kf2 Kg6 0-1

[Event "CAN-op U2000"]
[Site "Windsor CAN"]
[Date "2016.07.16"]
[Round "8.34"]
[White "Deimert, David"]
[Black "Einarsson, Ken"]
[Result "0-1"]
[WhiteElo "1650"]
[BlackElo "1780"]
[PlyCount "77"]
[EventDate "2016.07.10"]
[EventType "swiss"]
[EventRounds "9"]
[EventCountry "CAN"]

1. e4 c6 2. d4 d5 3. e5 Bf5 4. c4 e6 5. Nc3 dxc4 6. Bxc4 Ne7 7. Bg5 Qb6 8. Bb3
h6 9. Be3 Nd5 10. Nge2 Bb4 11. O-O O-O 12. Rc1 Nd7 13. Nxd5 cxd5 14. Ng3 Bh7
15. Nh5 Rfc8 16. Qg4 Bg6 17. Bc2 Kh7 18. f4 Bf8 19. Bb3 Qd8 20. Bf2 Rxc1 21.
Rxc1 Rc8 22. Rxc8 Qxc8 23. Be3 Bc2 24. Qe2 Bxb3 25. axb3 Qc7 26. g4 Qa5 27.
Qc2+ g6 28. Bd2 Qd8 29. Ng3 Nb8 30. Qd3 Nc6 31. Bc3 Qb6 32. f5 exf5 33. gxf5
Nxe5 34. fxg6+ Nxg6 35. h4 Kg8 36. h5 Nh4 37. Qd1 Qe6 38. Qd3 Qg4 39. Kf2 0-1

[Event "CAN-op U2000"]
[Site "Windsor CAN"]
[Date "2016.07.16"]
[Round "8.35"]
[White "Clarke, Brian"]
[Black "Humphreys, Stephen"]
[Result "1-0"]
[WhiteElo "1695"]
[BlackElo "1647"]
[PlyCount "34"]
[EventDate "2016.07.10"]
[EventType "swiss"]
[EventRounds "9"]
[EventCountry "CAN"]

1. d4 d6 2. Nf3 Nf6 3. Bf4 g6 4. Nc3 Bg7 5. Qd2 c6 6. e4 Qa5 7. Be2 b5 8. Bd3
O-O 9. O-O Bg4 10. Ne1 b4 11. Ne2 e5 12. dxe5 dxe5 13. Be3 Nbd7 14. h3 Be6 15.
a3 c5 16. Ng3 c4 17. Be2 b3 1-0

[Event "CAN-op U2000"]
[Site "Windsor CAN"]
[Date "2016.07.16"]
[Round "8.36"]
[White "Cashin, Ken"]
[Black "Mathews, Jeremy"]
[Result "0-1"]
[WhiteElo "1837"]
[BlackElo "1743"]
[PlyCount "82"]
[EventDate "2016.07.10"]
[EventType "swiss"]
[EventRounds "9"]
[EventCountry "CAN"]

1. e4 e5 2. Nf3 Nc6 3. d4 exd4 4. Bc4 Nf6 5. e5 d5 6. Bb5 Ne4 7. Nxd4 Bd7 8.
Bxc6 Bxc6 9. O-O Bc5 10. e6 fxe6 11. Qh5+ g6 12. Qe5 Bxd4 13. Qxd4 Qf6 14. Qxf6
Nxf6 15. Re1 O-O-O 16. Bg5 Rhf8 17. Rxe6 Rde8 18. Rxe8+ Rxe8 19. Nd2 Ne4 20.
Nf3 Nxg5 21. Nxg5 Re7 22. f3 Bd7 23. Kf2 h6 24. Nh3 Bxh3 25. gxh3 Kd7 26. Rg1
Re6 27. Rg4 Kd6 28. c4 c6 29. cxd5 cxd5 30. Ra4 a6 31. Rf4 Kc5 32. Rf7 Rb6 33.
b3 Kd4 34. h4 Kd3 35. h5 g5 36. Rg7 d4 37. Rg6 Rc6 38. Kg3 Kc2 39. Rg7 d3 40.
Re7 d2 41. Re2 Kd3 0-1